<The> Structure of Supported Business R&D Initiatives by Super-Deduction in Slovakia

Umožnenie odpočítania výdavkov v rámci tzv. superodpočtu na výskum a vývoj od základu dane, ktoré na súvisiace projekty vynaložil podnik realizujúci inovačné či vývojové projekty so sídlom na Slovensku. Úspora inovatívneho podniku v roku 2018 využitím superodpočtu na výskum a vývoj po splnení legisl...

Descrizione completa

Salvato in:
Dettagli Bibliografici
Autore principale: Jančičková, Lea, 1996-
Altri autori: Pakšiová, Renáta, 1974-
Natura: Capitolo di libro
Lingua:inglese
Soggetti:
Tags: Aggiungi Tag
Nessun Tag, puoi essere il primo ad aggiungerne!!

MARC

LEADER 00000naa$a2200000$$$4500
001 0279283
005 20240502083848.2
041 0 |a eng 
044 |a RS 
245 1 0 |a <The> Structure of Supported Business R&D Initiatives by Super-Deduction in Slovakia  |c Lea Jančičková, Renáta Pakšiová 
520 |a Umožnenie odpočítania výdavkov v rámci tzv. superodpočtu na výskum a vývoj od základu dane, ktoré na súvisiace projekty vynaložil podnik realizujúci inovačné či vývojové projekty so sídlom na Slovensku. Úspora inovatívneho podniku v roku 2018 využitím superodpočtu na výskum a vývoj po splnení legislatívnych požiadaviek bola navyše 21 000 € za každých investovaných 100 000 €, pričom v porovnaní s rokom 2017 sa výška superodpočtu štvornásobne zvýšila z 25 % na 100 % výdavkov. Analýza projektov realizovaných podnikmi v roku 2018 na Slovensku v rámci výskumu a vývoja z hľadiska obsahu projektov a súvisiacich podporených výšok odpočtu so záverom, že nie každý podnikateľský subjekt realizoval výskum a vývoj len v rámci svojho hlavného zamerania. 
610 2 0 |a podpora inovácií 
610 2 0 |a podpora vedy a výskumu 
610 2 0 |a odpočet dane 
610 2 0 |a financovanie vývoja 
610 2 0 |a projekty investičné 
610 2 0 |a inovácia 
610 2 0 |a podnik 
610 2 0 |a Slovensko 
100 1 |a Jančičková, Lea, 1996- 
700 1 |a Pakšiová, Renáta, 1974-